Statystyki dla Adam Mickiewicz "Dziady" cz.3 #1

Kliknij tutaj aby rozwiązać quiz!

Ogólne statystyki

  • Ten quiz został rozwiązany 71 razy
  • Średni wynik to 3 z 32

Statystyki odpowiedzi

HintOdpowiedź% Poprawnych
AutorAdam Mickiewicz
89%
Główny bochaterKonrad
65%
"Ustęp" (co opisuje jako miejsce akcji)Rosja / droga na zesłanie / Petersburg
41%
młoda panienka (scena IV — widzenie ?);Ewa
19%
Rodzaj literackidramat
17%
poeta; 1 listopada 1823 r. dokonuje się w nim metamorfoza — z nieszczęśliwego kochanka przeistacza się w ucieleśnienie idei prometejskiejGustaw / Konrad
13%
Prometeizm - do jakiego bohatera mitologicznego nawiązuje?Prometeusz
13%
Iwan Nowosilcow, namiestnik cara na Polskę;Senator
13%
Czas akcjirok / 1 listopada 1823 / Wigilia 1823 / 1 listopada 1824
11%
Ignacy Domeyko, należał do Filomatów, więziony od 1823 r.;Żegota
7%
podczas śledztwa więziony i torturowany;Rollison
6%
Inni bohaterowie w scenach zbiorowych oraz postacie ze świata nadprzyrodzonego:aniołowie / diabły
4%
Najważniejsze problemy utworu ( 3 dobre odp)bunt / dobro a zło / mesjanizm
4%
Cyprian - współzałożyciel tajnego związku Braci Czarnych w Korżach; w scenie więziennej Jan opowiada o jego niezłomnym patriotyzmie;Janczewski
4%
niewidoma matka Rollisona; stanowi symbol cierpienia polskich matek tracących synów i obserwujących ich cierpienie;Pani Rollison
4%
Jan - wcielony w 1824 r. do carskiego korpusu, zmarł w 1829 r.;Sobolewski
4%
Januszkiewicz — jeden z filaretów, zesłany po 1831 r. za udział w powstaniu listopadowym;Adolf
2%
postać z otoczenia Senatora, prototypem był August Becu, ojczym J. Słowackiego;Doktor
2%
Gatunek literackidramat romatyczny
2%
Kółakowski - jeden z Filomatów, potem Filaretów, skazany na zesłanie;Feliks
2%
Antoni - jeden z filaretów, więziony, zginął najprawdopodobniej w powstaniu listopadowym;Frejend
2%
Jagiełło — jeden z uwięzionych filaretów;Jakub
2%
MesjanizmPolska Chrystusem narodów / koncepcja, zgodnie z którą Polska miała odegrać rolę Chrystusa, jej ofiara na zawsze wybawi wszystkie ludy ziemi od tyranii
2%
postać z opowieści Adolfa ze sceny VII, reprezentuje losy więzionych, torturowanych, doprowadzonych do obłędu patriotów;Cichowski
0%
postać z otoczenia Senatora; jego prototypem był ugodowy wobec caratu gen. Wincenty Krasiński, ojciec Zygmunta; tak jak w dramacie, zginął rażony piorunem;Generał / Jenerał
0%
Jan — aresztowany, w czasie przesłuchań wydał kolegównajważniejszych działaczy; w dramacie śpiewa bluźnierczą pieśń;Jankowski
0%
poeta; 1 listopada 1823 r. dokonuje się w nim metamorfoza — z nieszczęśliwego kochanka przeistacza się w ucieleśnienie idei prometejskiej:ksiądz Piotr
0%
Problemmartyrologia Polaków / koncepcja zdobycia niepodległości przez Polskę
0%
Typ bohateraromantyczny wieszcz / bojownik o wolność ojczyzny
0%
Zan, należał do założycieli Towarzystwa Filomatów, przywódca Promienistych i Filaretów, skazany na twierdzę i zesłanie;Tomasz
0%
Motywy (inne niż punkt wyżej)wewnętrzna przemiana bohatera / patriotyzm / szatan / narodowe męczeństwo / poeta jako stwórca i prorok / mitologia i biblia w literaturze polskiej / walka dobra ze złem / oniryzm / sen / współistnienie świata realnego i metafizycznego
0%
Miejsce akcjiwięzienie w Wilnie / dworek pod Lwowem / arystokratyczny salon w Warszawie / wileńska rezydencja Nowosilcowa / wiejski cmentarz
0%

Rozkład punktacji

Percentyl według liczby udzielonych odpowiedzi

Procent ludzi z każdym wynikiem

Twoja historia wyników

Nie rozwiązałeś tego quizu